Statistics for The Hand Quiz

Click here to take the quiz!

General Stats

  • This quiz has been taken 32 times
    (17 since last reset)
  • The average score is 9 of 20

Answer Stats

QuestionAnswer% Correct
Whose fingers are famously depicted almost touching in the Sistine Chapel?God and Adam
80%
Which finger has also been called the demonstrator, forefinger, insignitur, lickpot, teacher finger and weft finger?Index
80%
Where did the "thumbs up" "thumbs down" gesture originate?Rome
67%
When did the V sign become popular?WWII
67%
There is a national flag with Hands featured prominently on it. Which country flag is it?Brunei
60%
The "hamsa" is a palm-shaped amulet popular throughout the Maghreb and in the Middle East. It is also known as the hand of F__________Fatima
53%
What kind of gesture is this?Insult
53%
Who is depicted pointing in this famous painting by Leonardo Da Vinci?John the Baptist
53%
What percentage of people are ambidextrous ( the ability to use both the right and left hand equally well)?1%
47%
Where did the "fist bump" come from?Boxing
47%
In which country is the handshake said to have originated?Greece
47%
Which of these animals have finger prints that are nearly the same as human finger prints?Koala
40%
The Priestly Blessing, also known in rabbinic literature as raising of the hands inspired what well known hand gesture?The Vulcan Salute
40%
Fingers don't have muscles.True
40%
In what country will you find this famous Cave of Hands?Argentina
33%
This "shaka" sign is a common greeting in which region of the world?Oceania
33%
What digit is also known as the "pollex"?Thumb
33%
10% of all men and 6% of all women are left-handedFalse
27%
What digit is also called the "ear finger".Pinky
20%
Which finger can be lost without losing the most hand function?Index
13%

Score Distribution

Percentile by Number Answered

Percent of People with Each Score

Your Score History

You have not taken this quiz since the last reset